Dirac Operators and spectral Geometry: (Record no. 5804)

MARC details
000 -LEADER
fixed length control field 00534nam a22001937a 4500
003 - CONTROL NUMBER IDENTIFIER
control field OSt
005 - DATE AND TIME OF LATEST TRANSACTION
control field 20170405143634.0
008 - FIXED-LENGTH DATA ELEMENTS--GENERAL INFORMATION
fixed length control field 170405b xxu||||| |||| 00| 0 eng d
020 ## - INTERNATIONAL STANDARD BOOK NUMBER
International Standard Book Number 0521648629
040 ## - CATALOGING SOURCE
Transcribing agency DDC.
082 ## - DEWEY DECIMAL CLASSIFICATION NUMBER
Classification number 530ESP 1998.
100 ## - MAIN ENTRY--PERSONAL NAME
Personal name Esposito,Giampiero;
9 (RLIN) 12061
245 ## - TITLE STATEMENT
Title Dirac Operators and spectral Geometry:
260 ## - PUBLICATION, DISTRIBUTION, ETC. (IMPRINT)
Place of publication, distribution, etc. Cambridge;Cambridge University Press,1998.
300 ## - PHYSICAL DESCRIPTION
Extent xiii,209p;
Other physical details ill;
Dimensions 24cm.
504 ## - BIBLIOGRAPHY, ETC. NOTE
Bibliography, etc includes references and index.
650 ## - SUBJECT ADDED ENTRY--TOPICAL TERM
Topical term or geographic name as entry element Geometry.
9 (RLIN) 12062
942 ## - ADDED ENTRY ELEMENTS (KOHA)
Source of classification or shelving scheme Dewey Decimal Classification
Koha item type Open Shelf
Holdings
Withdrawn status Lost status Source of classification or shelving scheme Damaged status Not for loan Home library Current library Date acquired Source of acquisition Inventory number Total Checkouts Full call number Barcode Date last seen Price effective from Koha item type
    Dewey Decimal Classification     MUST Main Library MUST Main Library 05/04/2017   05/24642   530ESP 1998. 2017-0740 05/04/2017 05/04/2017 Open Shelf
    Dewey Decimal Classification     MUST Main Library MUST Main Library 21/06/2024 Purchase 05/24644   530ESP 1998. 2024-20992 21/06/2024 21/06/2024 Open Shelf